| 000 | 01471cam a22003015a 4500 | ||
|---|---|---|---|
| 001 | 18320255 | ||
| 005 | 20161018143911.0 | ||
| 008 | 140930t2014 nyua frb 000 0 eng d | ||
| 020 | _a9781118572306 | ||
| 020 | _a1118572300 | ||
| 040 |
_aUKMGB _beng _cUKMGB _dOCLCO _dBDX _dSINLB _dYBM _dIEB _dYBM _dYDXCP _dVP@ _dDLC _dEG-ScBUE |
||
| 043 | _an-us--- | ||
| 082 | 0 | 4 |
_222 _a332.6092 _bBIG |
| 100 | 1 |
_aBiggs, Barton, _d1932-2012 _939439 |
|
| 245 | 1 | 0 |
_aBiggs on finance, economics, and the stock market : _bBarton's market chronicles from the Morgan Stanley years / _cBarton Biggs. |
| 260 |
_aHoboken, New Jersey : _bJohn Wiley & Sons, Inc., _c2014. |
||
| 300 |
_axii, 410 p. : _bill. ; _c27 cm. |
||
| 504 | _aBibliography : p. 405-410. | ||
| 520 | _aLong considered one of the best brains on Wall Street, Barton Biggs acquired the stature of a legend within his lifetime. Among his many coups, he accurately called the rise and fall of the dot-com market, and was an energetic promoter of emerging markets, including China, well before American businesses began flocking there - and he made vast fortunes for his clients, in the process. | ||
| 590 | _aWessam | ||
| 600 | 1 |
_aBiggs, Barton, _d1932-2012 _939439 |
|
| 650 | 7 |
_aInvestment advisors _zUnited States _vCorrespondence. _2BUEsh _941573 |
|
| 650 | 7 |
_aInvestments _zUnited States. _2BUEsh _936780 |
|
| 651 | _2BUEsh | ||
| 653 |
_bBUSADM _cFebruary2016 |
||
| 653 |
_bBUSADM _cOctober2016 |
||
| 942 |
_2ddc _e22 _k332.6092 BIG |
||
| 999 |
_c21247 _d21219 |
||